01538nam a2200337 a 4500001000200000003000400002005001700006008004100023020001800064040002200082082002900104100003200133245011900165260007000284300002100354490005300375500007000428590002600498650002200524650002600546700003600572700003900608700002500647710005100672910001200723942001200735952014200747952014700889952014701036999001701183 OSt20210518110328.0091204s2019 dr 000 f spa d a9789945503654 aBPMSUbspacBPMSU aRD863.44bB742o 2019222 aBosch, Juan, d1909-20019113aEl oro y la paz /cJuan Bosch ; prólogo Carlos Esteban Deive; editor María del Carmen Vicente, Clara Dobarro  aSanto Domingo :bMinisterio de Cultura;bEditora Nacional, c2019 a224 p. ;c20 cm.0 a Biblioteca Dominicana Básica ;anarrativav22 3Incluye datos biográficos del autor en la solapa de la cubierta aInventariado, 2020/VM 4aNovela dominicana 4aLiteratura dominicana1 aDeive, Carlos Estebanepról. 1 aVicente, María del Carmen eed. 1 a Dobarro,Claraeed. 2 aMinisterio de Cultura (República Dominicana) aVMateo  2ddccBK 00102ddc40708CDaBPMETbBPMETd2021-05-17eEditora Nacional oBPMSU CD RD863.44 B742o 2019pBPMSU21050110r2021-05-17w2021-05-17yBK 00102ddc40708CDaBPMETbBPMETd2021-05-17eEditora Nacional oBPMSU CD RD863.44 B742o 2019pBPMSU21050111r2021-05-17te.2w2021-05-17yBK 00102ddc40708CDaBPMETbBPMETd2021-05-17eEditora Nacional oBPMSU CD RD863.44 B742o 2019pBPMSU21050112r2021-05-17te.3w2021-05-17yBK c13509d13509